Premier vainqueur - Statistiques

Statistiques générales
  • Ce quiz a été pris 41 fois
  • Le résultat moyen est 6 sur 16
Statistiques - réponses
Hint Réponse % Correct
Coupe Davis Etats-Unis
92%
Coupe du monde de football Uruguay
92%
Coupe du monde de rugby Nouvelle-Zelande
89%
Calcutta Cup Angleterre
71%
Euro de football URSS
68%
Ligue des champions Real Madrid
61%
Coupe du monde de Handball Danemark
58%
Ligue 1 Olympique Lyonnais
21%
Champions cup Stade Toulousain
21%
Coupe du monde de Basketball Argentine
18%
Championnat du monde de F1 Giuseppe "Nino" Farina
11%
Roland Garros René Lacoste
8%
Worlds de LoL Fnatic
5%
Tour de France Maurice Garin
5%
Wimbledon Spencer Gore
3%
Championnat du monde de cyclisme Alfredo Binda
0%
Aucun quiz correspondant
Distribution des résultats
% des personnes avec chaque résultat
Percentile par nombre de réponses
Votre historique - résultats
Vous n’avez pas pris ce quiz